| 000 | 01391nam a2200457 i 4500 | ||
|---|---|---|---|
| 001 | 41534 | ||
| 003 | KOSZ 005 | ||
| 005 | 20191017095507.0 | ||
| 008 | 020703s2002 pl e |001 0 pol | ||
| 015 | _aPB 2002/10767 | ||
| 020 | _a8372512388 | ||
| 035 | _a991018513829705066 | ||
| 035 | _a(PL-WaBN)b15018283-48omnis_nlop | ||
| 035 | _ab15018283 | ||
| 035 | _a(OCoLC)749354209 | ||
| 035 | _a(PL)b0000001501828 | ||
| 035 | _a(EXLNZ-48OMNIS_NETWORK)9910299925405606 | ||
| 040 |
_aWA N _cWA N _dKOSZ 005/HR |
||
| 046 | _k2002 | ||
| 080 | _a347.45/.46 | ||
| 080 | _a339.186/.187 | ||
| 080 | _a(03) | ||
| 100 | 1 |
_aPokorska, Barbara. _eAutor |
|
| 245 | 1 | 0 |
_aLeksykon franczyzy / _cBarbara Pokorska. |
| 260 |
_aWarszawa : _b"Difin", _c2002. |
||
| 300 |
_a164, [1] s. ; _c23 cm. |
||
| 336 |
_2rdacontent _aTekst _btxt |
||
| 337 |
_2rdamedia _aBez urządzenia pośredniczącego _bn |
||
| 338 |
_2rdacarrier _aWolumin _bnc |
||
| 380 | _aKsiążki | ||
| 380 | _aPublikacje fachowe | ||
| 388 | _a2001- | ||
| 504 | _aBibliogr. Indeks. Akty normatywne. | ||
| 650 | 7 |
_aFranczyza _2DBN |
|
| 658 | _aGospodarka, ekonomia, finanse | ||
| 655 | 7 |
_aEncyklopedia _2DBN |
|
| 710 | 2 |
_aDifin _4pbl |
|
| 856 |
_uhttp://koha.tu.koszalin.pl/cgi-bin/koha/opac-detail.pl?biblionumber=41534 _yKatalog online BPK |
||
| 942 |
_2UKD _cKS |
||
| 999 |
_c41534 _d41534 |
||